[Event "Wch Blitz"]
[Site "New York"]
[Date "2024.12.30"]
[Round "5"]
[White "Fogo Esquivel, Levi Kalani Alexand"]
[Black "Makoto, Rodwell"]
[Result "0-1"]
[WhiteElo "2053"]
[BlackElo "2334"]
[PlyCount "98"]
[EventDate "2024.12.30"]
[EventType "swiss (blitz)"]
[EventRounds "13"]
[EventCountry "USA"]
[SourceTitle "CB01_2025"]
[SourceDate "2025.01.01"]
[SourceVersion "1"]
[SourceVersionDate "2025.01.01"]
[SourceQuality "1"]

1. e4 e5 2. Nf3 Nc6 3. Bc4 Bc5 4. c3 Nf6 5. d3 d6 6. Nbd2 a6 7. Bb3 Ba7 8. 0-0 0-0 9. h3 Ne7 10. Re1 Ng6 11. Nf1 Nh5 12. d4 Nhf4 13. Bc2 Qf6 14. Ng3 h6 15. Be3 Rd8 16. Nf5 c6 17. Qd2 Be6 18. g3 Nd5 19. exd5 Bxf5 20. Bxf5 Qxf5 21. Kg2 cxd5 22. dxe5 dxe5 23. Bxa7 Rxa7 24. Nxe5 Nxe5 25. Qe3 Nc6 26. Rad1 Raa8 27. Qb6 Rd7 28. g4 Qf4 29. Re3 Rad8 30. Rde1 d4 31. Re4 Qc7 32. Qb3 d3 33. Rd1 d2 34. Re2 Qf4 35. Qc2 Ne5 36. Re3 Nc4 37. Re4 Qc7 38. b3 Na3 39. Qb2 Nb5 40. c4 Na7 41. f3 Nc6 42. a3 Rd3 43. Re2 Qf4 44. Rf2 Ne5 45. Qc2 Rxf3 46. Rxf3 Qxf3+ 47. Kg1 Qg3+ 48. Kf1 Qxh3+ 49. Ke2 Qf3# 0-1

[Event "Wch Blitz"]
[Site "New York"]
[Date "2024.12.30"]
[Round "2"]
[White "Makoto, Rodwell"]
[Black "Bjerre, Jonas Buhl"]
[Result "0-1"]
[WhiteElo "2334"]
[BlackElo "2642"]
[PlyCount "46"]
[EventDate "2024.12.30"]
[EventType "swiss (blitz)"]
[EventRounds "13"]
[EventCountry "USA"]
[SourceTitle "CB01_2025"]
[SourceDate "2025.01.01"]
[SourceVersion "1"]
[SourceVersionDate "2025.01.01"]
[SourceQuality "1"]

1. Nf3 c5 2. c4 g6 3. g3 Bg7 4. Bg2 Nc6 5. Nc3 Nf6 6. 0-0 0-0 7. d4 cxd4 8. Nxd4 Ng4 9. e3 d6 10. Nxc6 bxc6 11. Bxc6 Rb8 12. Bg2 Ne5 13. Qa4 Bd7 14. Qxa7 Nxc4 15. a4 Nxb2 16. Bxb2 Rxb2 17. Rac1 e6 18. Ne4 d5 19. Nc5 Be8 20. a5 Bb5 21. Rfd1 Ra2 22. Nb7 Qf6 23. Qb6 Qxf2+ 0-1

[Event "Wch Rapid"]
[Site "New York"]
[Date "2024.12.26"]
[Round "4"]
[White "Makoto, Rodwell"]
[Black "Manon, Reja Neer"]
[Result "1/2-1/2"]
[WhiteElo "2407"]
[BlackElo "2193"]
[PlyCount "156"]
[EventDate "2024.12.26"]
[EventType "swiss (rapid)"]
[EventRounds "13"]
[EventCountry "USA"]
[SourceTitle "CB01_2025"]
[SourceDate "2025.01.01"]
[SourceVersion "1"]
[SourceVersionDate "2025.01.01"]
[SourceQuality "1"]

1. Nf3 Nf6 2. c4 e6 3. g3 d5 4. Bg2 Be7 5. d4 0-0 6. 0-0 dxc4 7. Qc2 a6 8. a4 Bd7 9. Qxc4 Bc6 10. Bg5 Nbd7 11. Nc3 a5 12. Rfe1 Bxf3 13. Bxf3 c6 14. e4 h6 15. Be3 Qb6 16. Qe2 Qb4 17. Qc2 e5 18. Red1 Rfd8 19. Be2 Rac8 20. Kg2 Bf8 21. h3 Qe7 22. dxe5 Nxe5 23. f4 Ng6 24. e5 Nd5 25. Nxd5 cxd5 26. Qb3 Qb4 27. Qxb4 Bxb4 28. Bb6 Rf8 29. Rac1 Ne7 30. Bg4 Rc6 31. Bd4 Rd8 32. Bc3 Bxc3 33. Rxc3 d4 34. Bf3 Rb6 35. Rd2 Rxb2 36. Rxb2 dxc3 37. Rc2 Rc8 38. Bxb7 Rc4 39. Kf3 Nf5 40. Rc1 c2 41. Be4 Rc3+ 42. Kf2 Nxg3 43. Bxc2 Ne4+ 44. Ke2 g6 45. Kd1 Nc5 46. Rb1 Rc4 47. Rb8+ Kg7 48. Rc8 Nxa4 49. Ra8 Rxf4 50. Rxa5 Nb2+ 51. Ke2 Nc4 52. Rc5 g5 53. Bb3 Nb6 54. Rc6 Nd7 55. e6 fxe6 56. Rc7 Rd4 57. Bxe6 Re4+ 58. Kf3 Rxe6 59. Rxd7+ Kg6 60. Kg3 Rb6 61. Rd3 Rb4 62. Rc3 Rf4 63. Rb3 Re4 64. Ra3 Kf5 65. Ra5+ Re5 66. Rxe5+ Kxe5 67. h4 Kf5 68. hxg5 hxg5 69. Kf3 g4+ 70. Kg2 Kf4 71. Kf2 g3+ 72. Kg1 Ke3 73. Kg2 Kf4 74. Kg1 Kg5 75. Kg2 Kg4 76. Kg1 Kh3 77. Kh1 g2+ 78. Kg1 Kg3 1/2-1/2

[Event "Wch Rapid"]
[Site "New York"]
[Date "2024.12.26"]
[Round "3"]
[White "Nidal, Ahmad"]
[Black "Makoto, Rodwell"]
[Result "1-0"]
[WhiteElo "1827"]
[BlackElo "2407"]
[PlyCount "59"]
[EventDate "2024.12.26"]
[EventType "swiss (rapid)"]
[EventRounds "13"]
[EventCountry "USA"]
[SourceTitle "CB01_2025"]
[SourceDate "2025.01.01"]
[SourceVersion "1"]
[SourceVersionDate "2025.01.01"]
[SourceQuality "1"]

1. e4 e5 2. Nc3 Nf6 3. g3 c6 4. Bg2 d5 5. exd5 cxd5 6. d4 exd4 7. Qxd4 Nc6 8. Qa4 d4 9. Nce2 Bb4+ 10. c3 Ba5 11. Nxd4 0-0 12. Nge2 Nxd4 13. Nxd4 Re8+ 14. Be3 Bd7 15. Qb3 Ng4 16. 0-0 Bb6 17. Rad1 Nxe3 18. fxe3 Rf8 19. Kh1 Qe7 20. Rde1 Kh8 21. Rf4 Rae8 22. Rh4 h6 23. Re4 Qg5 24. Rf4 Re7 25. Ref1 f6 26. e4 Rfe8 27. Nf5 Bxf5 28. exf5 Qh5 29. Bf3 Qh3 30. Bg4 1-0

[Event "Wch Rapid"]
[Site "New York"]
[Date "2024.12.26"]
[Round "5"]
[White "Schnaider, Ilan"]
[Black "Makoto, Rodwell"]
[Result "1-0"]
[WhiteElo "2285"]
[BlackElo "2407"]
[PlyCount "59"]
[EventDate "2024.12.26"]
[EventType "swiss (rapid)"]
[EventRounds "13"]
[EventCountry "USA"]
[SourceTitle "CB01_2025"]
[SourceDate "2025.01.01"]
[SourceVersion "1"]
[SourceVersionDate "2025.01.01"]
[SourceQuality "1"]

1. d4 Nf6 2. Nc3 d5 3. Bf4 c5 4. e3 a6 5. dxc5 Nc6 6. a3 e5 7. Bg5 d4 8. Na4 Be7 9. b4 0-0 10. Nf3 h6 11. Bxf6 Bxf6 12. e4 Be6 13. Nb6 Rb8 14. Bc4 Bg4 15. Nd5 Na7 16. Qd3 Nc8 17. 0-0 Ne7 18. Nxf6+ gxf6 19. Nh4 Kh7 20. f4 Ng6 21. Nxg6 fxg6 22. fxe5 fxe5 23. Rxf8 Qxf8 24. Rf1 Qe8 25. Rf7+ Kh8 26. Qg3 Bh5 27. Qh4 Qd8 28. Qxd8+ Rxd8 29. Rxb7 Bd1 30. c6 1-0

[Event "Olympiad-45"]
[Site "Budapest"]
[Date "2024.09.16"]
[Round "6.30"]
[White "Makoto, Rodwell"]
[Black "Meskovs, Nikita"]
[Result "1-0"]
[WhiteElo "2311"]
[BlackElo "2534"]
[PlyCount "133"]
[EventDate "2024.09.11"]
[EventType "team-swiss"]
[EventRounds "11"]
[EventCountry "HUN"]
[SourceTitle "EXT 2025"]
[Source "ChessBase"]
[SourceDate "2024.10.14"]
[SourceVersion "1"]
[SourceVersionDate "2024.10.14"]
[SourceQuality "1"]
[WhiteTeam "Zimbabwe"]
[BlackTeam "Latvia"]
[WhiteTeamCountry "ZIM"]
[BlackTeamCountry "LAT"]

1. Nf3 Nf6 2. g3 d5 3. Bg2 e6 4. 0-0 Be7 5. c4 0-0 6. d4 dxc4 7. Qc2 b5 8. a4 b4 9. Nfd2 Nd5 10. Nxc4 c5 11. dxc5 Ba6 12. b3 Nc6 13. Bb2 Bxc5 14. Rd1 Qe7 15. Nbd2 f5 16. e3 Rac8 17. Nf3 Nb6 18. Nfe5 Nxe5 19. Nxe5 Bb7 20. Qe2 Bxg2 21. Kxg2 Qb7+ 22. Qf3 Nd5 23. Kg1 Rc7 24. Nc4 Nc3 25. Qxb7 Rxb7 26. Rd3 Be7 27. Kg2 Rd8 28. Rxd8+ Bxd8 29. Rc1 Bf6 30. Nd6 Rb6 31. Nb5 Nxb5 32. Bxf6 gxf6 33. axb5 Rxb5 34. Rc8+ Kf7 35. Rc7+ Kg6 36. Rxa7 e5 37. Kf3 h5 38. h4 Rb8 39. Rc7 Rb6 40. Ke2 e4 41. Rc4 Rb8 42. f3 exf3+ 43. Kxf3 Rb5 44. Kf4 Kf7 45. Rc7+ Kg6 46. Rd7 Kh6 47. Kf3 Kg6 48. Ke2 Rb8 49. Rd5 Rb7 50. Kf3 Re7 51. Rb5 Re4 52. Rb7 Kh6 53. Rd7 Re5 54. Rb7 Re4 55. Rb5 Kg6 56. Kf2 Rg4 57. Rd5 Re4 58. Rd4 Kf7 59. Kf3 Rxd4 60. exd4 Ke7 61. Kf4 Ke6 62. d5+ Kxd5 63. Kxf5 Kd4 64. g4 hxg4 65. Kxg4 Ke4 66. h5 f5+ 67. Kh3 1-0

[Event "Olympiad-45"]
[Site "Budapest"]
[Date "2024.09.14"]
[Round "4.31"]
[White "Cardoso Cardoso, Jose Gabriel"]
[Black "Makoto, Rodwell"]
[Result "1-0"]
[WhiteElo "2508"]
[BlackElo "2311"]
[PlyCount "69"]
[EventDate "2024.09.11"]
[EventType "team-swiss"]
[EventRounds "11"]
[EventCountry "HUN"]
[SourceTitle "EXT 2025"]
[Source "ChessBase"]
[SourceDate "2024.10.14"]
[SourceVersion "1"]
[SourceVersionDate "2024.10.14"]
[SourceQuality "1"]
[WhiteTeam "Colombia"]
[BlackTeam "Zimbabwe"]
[WhiteTeamCountry "COL"]
[BlackTeamCountry "ZIM"]

1. e4 e5 2. Nf3 Nc6 3. Bb5 a6 4. Ba4 Nf6 5. 0-0 Be7 6. Re1 b5 7. Bb3 0-0 8. a4 Bb7 9. d3 d6 10. Bd2 Nd7 11. Nc3 Nc5 12. Bd5 b4 13. Ne2 b3 14. a5 Rb8 15. Bc3 Na7 16. Bc4 c6 17. Ng3 d5 18. Bxb3 Nxb3 19. cxb3 d4 20. Bd2 f6 21. Nh4 Bc8 22. Nhf5 g6 23. Nxe7+ Qxe7 24. b4 c5 25. Rc1 cxb4 26. Bh6 Re8 27. f4 Be6 28. f5 Bf7 29. Qg4 Rec8 30. fxg6 hxg6 31. Nf5 Qd7 32. Qh4 Be6 33. Qxf6 gxf5 34. Qg6+ Kh8 35. Bg5 1-0

[Event "FIDE World Cup"]
[Site "Baku"]
[Date "2023.07.31"]
[Round "1.2"]
[White "Makoto, Rodwell"]
[Black "Abasov, Nijat Azad"]
[Result "0-1"]
[WhiteElo "2312"]
[BlackElo "2632"]
[PlyCount "92"]
[EventDate "2023.07.30"]
[EventType "k.o."]
[EventRounds "8"]
[EventCountry "AZE"]
[SourceTitle "CBM 216"]
[Source "ChessBase"]
[SourceDate "2023.10.31"]
[SourceVersion "1"]
[SourceVersionDate "2023.10.31"]
[SourceQuality "1"]

1. Nf3 d5 2. c4 d4 3. g3 c5 4. b4 Qc7 5. d3 e5 6. bxc5 Bxc5 7. Bg2 Nf6 8. 0-0 0-0 9. Nbd2 Re8 10. Nb3 Bf8 11. Rb1 h6 12. Bd2 Nc6 13. Na1 Bf5 14. Qb3 b6 15. Nc2 Rad8 16. a3 e4 17. Nfe1 Qc8 18. Nb4 Ne5 19. Nd5 Nxd5 20. cxd5 exd3 21. exd3 Bh3 22. Qa4 Bxg2 23. Kxg2 Qa8 24. Kg1 Rxd5 25. Bf4 Ra5 26. Qxd4 Nc6 27. Qd7 Rxa3 28. Rc1 Bc5 29. Be3 Rd8 30. Qg4 Ne5 31. Qf5 Qd5 32. Bxc5 bxc5 33. Qe4 Rxd3 34. Qxd5 R3xd5 35. Ra1 Ra8 36. Ra6 Rd1 37. f4 Ng4 38. Nf3 Rd3 39. h3 Ne3 40. Rc1 Nf5 41. Kf2 Rb8 42. Ra2 Nd6 43. Nd2 Rxd2+ 44. Rxd2 Ne4+ 45. Ke3 Nxd2 46. Kxd2 Rb3 0-1

[Event "Olympiad-44"]
[Site "Chennai"]
[Date "2022.08.08"]
[Round "10.1"]
[White "Makoto, Rodwell"]
[Black "Batsuren, Dambasuren"]
[Result "0-1"]
[WhiteElo "2346"]
[BlackElo "2518"]
[PlyCount "78"]
[EventDate "2022.07.29"]
[EventType "team-swiss"]
[EventRounds "11"]
[EventCountry "IND"]
[SourceTitle "CBM 210"]
[Source "ChessBase"]
[SourceDate "2022.10.31"]
[SourceVersion "1"]
[SourceVersionDate "2022.10.31"]
[SourceQuality "1"]
[WhiteTeam "Zimbabwe"]
[BlackTeam "Mongolia"]
[WhiteTeamCountry "ZIM"]
[BlackTeamCountry "MGL"]

1. Nf3 Nf6 2. c4 e6 3. g3 d5 4. d4 dxc4 5. Qa4+ Nc6 6. Qxc4 Qd5 7. Qxd5 exd5 8. Bg2 Nb4 9. Na3 c6 10. 0-0 Be7 11. Bd2 a5 12. Rfc1 Bf5 13. Ne1 Ne4 14. Bxb4 Bxb4 15. Nac2 Bd2 16. Rd1 Bh6 17. Nd3 Nd6 18. Nce1 0-0 19. e3 Rfe8 20. Nc5 a4 21. h3 g6 22. g4 Bc8 23. Nf3 Bg7 24. b3 a3 25. Rac1 h6 26. Ne5 g5 27. Rc2 Re7 28. Bf3 Bxe5 29. dxe5 Rxe5 30. e4 dxe4 31. Rxd6 exf3 32. Rd8+ Kg7 33. Rc3 Re2 34. Rxf3 Bxg4 35. Rxf7+ Kxf7 36. Rxa8 Bf3 37. Rxa3 Re1+ 38. Kh2 h5 39. b4 Rh1+ 0-1

[Event "Olympiad-44"]
[Site "Chennai"]
[Date "2022.08.07"]
[Round "9.1"]
[White "Hernandez Guerrero, Gilberto Eduardo"]
[Black "Makoto, Rodwell"]
[Result "1/2-1/2"]
[WhiteElo "2560"]
[BlackElo "2346"]
[PlyCount "92"]
[EventDate "2022.07.29"]
[EventType "team-swiss"]
[EventRounds "11"]
[EventCountry "IND"]
[SourceTitle "CBM 210"]
[Source "ChessBase"]
[SourceDate "2022.10.31"]
[SourceVersion "1"]
[SourceVersionDate "2022.10.31"]
[SourceQuality "1"]
[WhiteTeam "Mexico"]
[BlackTeam "Zimbabwe"]
[WhiteTeamCountry "MEX"]
[BlackTeamCountry "ZIM"]

1. e4 e5 2. Nf3 Nc6 3. Bb5 a6 4. Ba4 Nf6 5. d3 b5 6. Bb3 Bc5 7. Nc3 h6 8. Nd5 d6 9. c3 0-0 10. Nxf6+ Qxf6 11. Bd5 Bd7 12. Rg1 Ne7 13. Bxa8 Rxa8 14. Be3 Ng6 15. d4 exd4 16. Bxd4 Qe6 17. Bxc5 dxc5 18. Qd5 Qxd5 19. exd5 Nf4 20. Kd2 Rd8 21. g3 Nh3 22. Rgf1 Bg4 23. Ng1 Rxd5+ 24. Kc2 Rh5 25. Nxh3 Rxh3 26. Kd2 Rxh2 27. Ke3 Rh5 28. f3 Be6 29. Rfd1 Re5+ 30. Kf2 Bd5 31. Rd3 Rf5 32. a4 h5 33. a5 b4 34. Re1 Kf8 35. Rde3 g6 36. Re8+ Kg7 37. R1e3 bxc3 38. bxc3 c6 39. Ra8 Bc4 40. Rc8 Rf6 41. Ree8 Rf5 42. Rxc6 Bb5 43. Rec8 Bxc6 44. Rxc6 c4 45. Rxa6 Rd5 46. Rc6 Rxa5 1/2-1/2

[Event "FIDE World Cup"]
[Site "Krasnaya Polyana"]
[Date "2021.07.13"]
[Round "1.2"]
[White "Makoto, Rodwell"]
[Black "Kovalev, Vladislav"]
[Result "0-1"]
[WhiteElo "2352"]
[BlackElo "2637"]
[PlyCount "78"]
[EventDate "2021.07.12"]
[EventType "k.o."]
[EventRounds "8"]
[EventCountry "RUS"]
[SourceTitle "CBM 203"]
[Source "ChessBase"]
[SourceDate "2021.08.31"]
[SourceVersion "1"]
[SourceVersionDate "2021.08.31"]
[SourceQuality "1"]

1. Nf3 Nf6 2. g3 g6 3. Bg2 Bg7 4. d4 0-0 5. c4 d6 6. Nc3 Nbd7 7. 0-0 e5 8. e4 a6 9. h3 exd4 10. Nxd4 Rb8 11. Be3 Re8 12. Re1 Ne5 13. b3 c5 14. Nde2 b5 15. f4 Ned7 16. Qxd6 b4 17. e5 bxc3 18. Nxc3 Nh5 19. g4 Bf8 20. Qd2 Ng7 21. Nd5 Bb7 22. Rad1 Bxd5 23. cxd5 c4 24. d6 cxb3 25. axb3 g5 26. Qf2 gxf4 27. Bxf4 Ne6 28. Bd5 Bg7 29. Bg3 Qb6 30. Qxb6 Rxb6 31. Rc1 Rd8 32. Bh4 Rdb8 33. Bxe6 fxe6 34. Rc7 R6b7 35. Rxb7 Rxb7 36. Bg3 Rxb3 37. Kg2 Kf7 38. Rc1 Rb2+ 39. Kf1 Rb7 0-1

[Event "FIDE World Cup"]
[Site "Krasnaya Polyana"]
[Date "2021.07.12"]
[Round "1.1"]
[White "Kovalev, Vladislav"]
[Black "Makoto, Rodwell"]
[Result "1-0"]
[WhiteElo "2637"]
[BlackElo "2352"]
[PlyCount "57"]
[EventDate "2021.07.12"]
[EventType "k.o."]
[EventRounds "8"]
[EventCountry "RUS"]
[SourceTitle "CBM 203"]
[Source "ChessBase"]
[SourceDate "2021.08.31"]
[SourceVersion "1"]
[SourceVersionDate "2021.08.31"]
[SourceQuality "1"]

1. e4 e5 2. Nf3 Nc6 3. Bb5 a6 4. Ba4 Nf6 5. 0-0 b5 6. Bb3 Bc5 7. c3 d6 8. a4 Rb8 9. d4 Bb6 10. Na3 0-0 11. axb5 axb5 12. Nxb5 Bg4 13. Bc2 exd4 14. cxd4 d5 15. e5 Ne4 16. h3 Bxf3 17. gxf3 Ng5 18. f4 Ne4 19. Ra4 f6 20. Bxe4 dxe4 21. d5 Na5 22. Rxe4 Bxf2+ 23. Rxf2 Rxb5 24. d6 Qd7 25. b4 Nc6 26. Qd3 Rfb8 27. Qc4+ Kh8 28. e6 Qxd6 29. Rd2 1-0

[Event "Titled Tuesday intern op 09th Feb"]
[Site "Chess.com INT"]
[Date "2021.02.09"]
[Round "4"]
[White "Serikbay, Assel"]
[Black "Makoto, Rodwell"]
[Result "1/2-1/2"]
[WhiteElo "2228"]
[BlackElo "2367"]
[PlyCount "176"]
[EventDate "2021.02.09"]
[EventType "swiss (blitz)"]
[EventRounds "11"]
[EventCountry "USA"]
[SourceTitle "EXT 2022"]
[Source "ChessBase"]
[SourceDate "2021.10.06"]
[SourceVersion "1"]
[SourceVersionDate "2021.10.06"]
[SourceQuality "1"]

1. d4 d5 2. Nf3 c6 3. c4 Nf6 4. Nc3 e6 5. g3 g6 6. Bg2 Bg7 7. 0-0 0-0 8. Ne5 Nbd7 9. Bf4 Nh5 10. e4 Nxf4 11. gxf4 Nxe5 12. fxe5 dxc4 13. f4 b5 14. Qd2 Qb6 15. Qf2 b4 16. Na4 Qb5 17. Nc5 a5 18. Rfc1 Rd8 19. Bf1 Ra7 20. Bxc4 Qb6 21. a3 Bf8 22. Bf1 Be7 23. axb4 axb4 24. Rxa7 Qxa7 25. Nb3 Qb6 26. Qc2 Bb7 27. Kh1 Ra8 28. Bg2 Kg7 29. Nc5 Bxc5 30. dxc5 Qa5 31. f5 Qd8 32. f6+ Kg8 33. Rd1 Qf8 34. Qd2 Qxc5 35. Qd6 Qxd6 36. exd6 e5 37. Kg1 Kf8 38. d7 Rd8 39. Kf2 c5 40. Ke3 Bc6 41. Bh3 c4 42. Rd6 Bb5 43. Rb6 Bxd7 44. Bxd7 c3 45. bxc3 bxc3 46. Ba4 h5 47. Rc6 Kg8 48. Rxc3 Rd6 49. Rc8+ Kh7 50. Rc6 Rd7 51. Bb3 g5 52. Bd5 Kg6 53. Kf3 Ra7 54. Rb6 Ra1 55. Rb7 Rf1+ 56. Ke2 Rxf6 57. Rb8 g4 58. Rg8+ Kh6 59. Rd8 Kg5 60. Rg8+ Kh4 61. Rg7 Kh3 62. Bxf7 h4 63. Bh5 Rf4 64. Ke3 g3 65. hxg3 hxg3 66. Bf3 Rh4 67. Rg6 Kh2 68. Rg7 Rh3 69. Rg8 Kg1 70. Ke2 Rh2+ 71. Ke3 g2 72. Rg3 Kf1 73. Bxg2+ Rxg2 74. Rxg2 Kxg2 75. Ke2 Kg3 76. Ke3 Kg4 77. Kd3 Kf4 78. Kd2 Kf3 79. Kd3 Kf2 80. Kd2 Kg3 81. Kd3 Kf4 82. Kd2 Kxe4 83. Ke2 Kf4 84. Kf2 e4 85. Ke2 e3 86. Ke1 Kf3 87. Kf1 e2+ 88. Ke1 Ke3 1/2-1/2

[Event "Africa-ch Blitz"]
[Site "Casablanca"]
[Date "2019.08.28"]
[Round "9.4"]
[White "Bellahcene, Bilel"]
[Black "Makoto, Rodwell"]
[Result "1-0"]
[WhiteElo "2502"]
[BlackElo "2297"]
[PlyCount "35"]
[EventDate "2019.08.28"]
[EventType "swiss (blitz)"]
[EventRounds "9"]
[EventCountry "MAR"]
[SourceTitle "EXT 2024"]
[Source "ChessBase"]
[SourceDate "2023.10.10"]
[SourceVersion "1"]
[SourceVersionDate "2023.10.10"]
[SourceQuality "1"]

1. d4 Nf6 2. c4 g6 3. Nc3 Bg7 4. e4 d6 5. h3 0-0 6. Nf3 e5 7. d5 Nh5 8. g3 f5 9. exf5 gxf5 10. Ng5 Qe8 11. c5 Bd7 12. cxd6 cxd6 13. Ne6 Bxe6 14. dxe6 Nc6 15. Nd5 Rc8 16. e7 Rf6 17. Be2 Nxe7 18. Bxh5 1-0

[Event "Africa-ch Blitz"]
[Site "Casablanca"]
[Date "2019.08.28"]
[Round "3.2"]
[White "Makoto, Rodwell"]
[Black "Amin, Bassem"]
[Result "0-1"]
[WhiteElo "2297"]
[BlackElo "2658"]
[PlyCount "56"]
[EventDate "2019.08.28"]
[EventType "swiss (blitz)"]
[EventRounds "9"]
[EventCountry "MAR"]
[SourceTitle "EXT 2024"]
[Source "ChessBase"]
[SourceDate "2023.10.10"]
[SourceVersion "1"]
[SourceVersionDate "2023.10.10"]
[SourceQuality "1"]

1. e4 e5 2. Nf3 Nc6 3. d4 exd4 4. Bc4 Bc5 5. Ng5 Nh6 6. Nxf7 Nxf7 7. Bxf7+ Kxf7 8. Qh5+ g6 9. Qxc5 d5 10. Qxd5+ Qxd5 11. exd5 Nb4 12. Na3 Re8+ 13. Kd1 Nxd5 14. Re1 Bg4+ 15. f3 Rxe1+ 16. Kxe1 Re8+ 17. Kf2 Bd7 18. Bd2 b5 19. Re1 Rxe1 20. Bxe1 c5 21. Nb1 Bf5 22. Na3 b4 23. Nb5 Bxc2 24. Nxa7 Ba4 25. Bd2 Ke6 26. Ke2 c4 27. b3 d3+ 28. Kf2 c3 0-1

[Event "Africa-ch Blitz"]
[Site "Casablanca"]
[Date "2019.08.28"]
[Round "4.5"]
[White "Makoto, Rodwell"]
[Black "Oatlhotse, Providence"]
[Result "1/2-1/2"]
[WhiteElo "2297"]
[BlackElo "2181"]
[PlyCount "97"]
[EventDate "2019.08.28"]
[EventType "swiss (blitz)"]
[EventRounds "9"]
[EventCountry "MAR"]
[SourceTitle "EXT 2024"]
[Source "ChessBase"]
[SourceDate "2023.10.10"]
[SourceVersion "1"]
[SourceVersionDate "2023.10.10"]
[SourceQuality "1"]

1. Nf3 d5 2. c4 e6 3. g3 Nf6 4. Bg2 dxc4 5. Qa4+ Nbd7 6. Qxc4 a6 7. Qc2 c5 8. 0-0 Be7 9. a4 0-0 10. a5 Nd5 11. d4 Nb4 12. Qb3 Nc6 13. dxc5 Nxc5 14. Qc2 Nb4 15. Qc4 Nc6 16. Be3 Nd7 17. Qa4 Nc5 18. Bxc5 Bxc5 19. Nbd2 Bd7 20. Ne4 Be7 21. Rfd1 Qc7 22. Nd4 Nxd4 23. Qxd4 Bc6 24. Qb6 Qe5 25. Nc3 Bc5 26. Qb3 Bxg2 27. Kxg2 Rab8 28. Qc4 Rfc8 29. Qe4 Qf6 30. Qf3 Qxf3+ 31. Kxf3 h6 32. Rd7 Bb4 33. Ne4 Rc2 34. b3 Rb2 35. Rd3 Rc2 36. Ra4 Bf8 37. Rc4 Rxc4 38. bxc4 Rc8 39. Rd7 Rxc4 40. Rxb7 Ra4 41. Rb8 Rxa5 42. Nd6 g6 43. Ra8 Kg7 44. Ne8+ Kh7 45. Nf6+ Kg7 46. Ne8+ Kh7 47. Nf6+ Kg7 48. Ne8+ Kh7 49. Nf6+ 1/2-1/2

[Event "Africa-chT rapid"]
[Site "Casablanca"]
[Date "2019.08.25"]
[Round "6.1"]
[White "Makoto, Rodwell"]
[Black "Adly, Ahmed"]
[Result "1-0"]
[WhiteElo "2373"]
[BlackElo "2636"]
[PlyCount "131"]
[EventDate "2019.08.24"]
[EventType "team-swiss (rapid)"]
[EventRounds "9"]
[EventCountry "MAR"]
[SourceTitle "EXT 2020"]
[Source "ChessBase"]
[SourceDate "2019.10.17"]
[SourceVersion "1"]
[SourceVersionDate "2019.10.17"]
[SourceQuality "1"]
[WhiteTeam "Zimbabwe"]
[BlackTeam "Egypt"]
[WhiteTeamCountry "ZIM"]
[BlackTeamCountry "EGY"]

1. Nf3 b6 2. g3 Bb7 3. Bg2 e5 4. d3 Nf6 5. 0-0 d6 6. c4 g6 7. Nc3 Bg7 8. e4 0-0 9. Be3 h6 10. h3 Nbd7 11. b4 c6 12. d4 exd4 13. Nxd4 Ne5 14. Qb3 c5 15. bxc5 dxc5 16. Ndb5 Qd3 17. Rad1 Qxc4 18. f4 Nh5 19. fxe5 Qxb3 20. axb3 Nxg3 21. Rfe1 Bxe5 22. Bxh6 Rfd8 23. Nd5 a6 24. Nbc3 b5 25. Be3 c4 26. bxc4 bxc4 27. Bd4 Bxd4+ 28. Rxd4 Kg7 29. Rxc4 Rac8 30. Rxc8 Bxc8 31. Kf2 Nh5 32. Rb1 Rd6 33. Ke3 a5 34. Rb8 Rc6 35. Kd4 Ba6 36. Ra8 Kh6 37. e5 Rc4+ 38. Ke3 Bc8 39. Bf1 Rc5 40. Kd4 Bb7 41. Ra7 Rc6 42. Rxb7 f6 43. exf6 Nxf6 44. Nxf6 Rxf6 45. Be2 Rd6+ 46. Nd5 Re6 47. Bg4 Re1 48. Ra7 Ra1 49. Ra6 a4 50. Ne7 Kg7 51. Nxg6 a3 52. Ne5 a2 53. Nd3 Kf7 54. Be6+ Ke7 55. Bxa2 Rg1 56. Nf4 Rf1 57. Ke4 Re1+ 58. Kf5 Rh1 59. Bd5 Rc1 60. h4 Kf8 61. Ra7 Rb1 62. h5 Rb6 63. Ng6+ Ke8 64. h6 Rb5 65. h7 Rxd5+ 66. Ke4 1-0

[Event "Africa-chT rapid"]
[Site "Casablanca"]
[Date "2019.08.25"]
[Round "9.3"]
[White "Oatlhotse, Providence"]
[Black "Makoto, Rodwell"]
[Result "1/2-1/2"]
[WhiteElo "2252"]
[BlackElo "2373"]
[PlyCount "136"]
[EventDate "2019.08.24"]
[EventType "team-swiss (rapid)"]
[EventRounds "9"]
[EventCountry "MAR"]
[SourceTitle "EXT 2020"]
[Source "ChessBase"]
[SourceDate "2019.10.17"]
[SourceVersion "1"]
[SourceVersionDate "2019.10.17"]
[SourceQuality "1"]
[WhiteTeam "Botswana"]
[BlackTeam "Zimbabwe"]
[WhiteTeamCountry "BOT"]
[BlackTeamCountry "ZIM"]

1. c4 c5 2. g3 Nc6 3. Bg2 g6 4. Nc3 Bg7 5. d3 e6 6. e3 Nge7 7. Nge2 0-0 8. 0-0 d5 9. cxd5 exd5 10. Nf4 d4 11. Ne4 b6 12. Qb3 Rb8 13. Bd2 Bb7 14. Ng5 dxe3 15. fxe3 Na5 16. Bxa5 Bxg2 17. Bc3 Bxc3 18. Nxg2 Nf5 19. Nxf7 Rxf7 20. Qxc3 Qe7 21. Rae1 Re8 22. Rf2 Qe5 23. Qxe5 Rxe5 24. Rfe2 Rd7 25. Rd2 Rde7 26. Rde2 Rd7 27. g4 Nh6 28. d4 cxd4 29. exd4 Rxe2 30. Rxe2 Nxg4 31. Rd2 Kf7 32. h3 Nf6 33. Ne3 Ne4 34. Rd1 Ng5 35. Kg2 Ke6 36. d5+ Kd6 37. b4 b5 38. Rc1 Ke5 39. Ng4+ Kd4 40. Rd1+ Kc3 41. Nf6 Rd6 42. Ne8 Rd8 43. Nc7 Kxb4 44. h4 Nf7 45. Rb1+ Kc4 46. Rc1+ Kb4 47. Rb1+ Kc4 48. Rc1+ Kb4 49. Rb1+ Kc4 50. Rc1+ Kb4 51. Rb1+ Kc4 52. Rxb5 Rd7 53. Rb7 a5 54. Ra7 Nd6 55. Kf3 Nc8 56. Rb7 Ne7 57. d6 Nf5 58. Rb6 Nxd6 59. Ne6 Nf5 60. Rc6+ Kd5 61. Ra6 Nxh4+ 62. Kg4 Nf5 63. Nf4+ Ke4 64. Rxa5 Ne3+ 65. Kg3 Nf5+ 66. Kg4 Ne3+ 67. Kg3 Nf5+ 68. Kg4 Ne3+ 1/2-1/2

[Event "Africa-chT rapid"]
[Site "Casablanca"]
[Date "2019.08.24"]
[Round "4.5"]
[White "Makoto, Rodwell"]
[Black "Amba, Oyon Marius Claude"]
[Result "1-0"]
[WhiteElo "2373"]
[BlackElo "1911"]
[PlyCount "113"]
[EventDate "2019.08.24"]
[EventType "team-swiss (rapid)"]
[EventRounds "9"]
[EventCountry "MAR"]
[SourceTitle "EXT 2020"]
[Source "ChessBase"]
[SourceDate "2019.10.17"]
[SourceVersion "1"]
[SourceVersionDate "2019.10.17"]
[SourceQuality "1"]
[WhiteTeam "Zimbabwe"]
[BlackTeam "Cameroon"]
[WhiteTeamCountry "ZIM"]
[BlackTeamCountry "CAM"]

1. Nf3 Nf6 2. c4 g6 3. g3 Bg7 4. Bg2 c5 5. 0-0 0-0 6. d4 cxd4 7. Qxd4 Nc6 8. Qh4 Qa5 9. Nc3 Qh5 10. Qxh5 Nxh5 11. c5 d6 12. cxd6 exd6 13. Rd1 Bxc3 14. bxc3 Rd8 15. Rb1 Rb8 16. Bg5 f6 17. Be3 Be6 18. a3 Kf7 19. Nd2 f5 20. Rb5 d5 21. Rdb1 b6 22. c4 d4 23. Bg5 Rdc8 24. c5 Na5 25. cxb6 axb6 26. Nf3 Nc4 27. Bc1 Nd6 28. R5b4 Kg8 29. Nxd4 Bd7 30. Bd5+ Kg7 31. Bb2 Nf6 32. Bf3 Nde4 33. Rd1 Kf7 34. Nb5 Bxb5 35. Rxb5 Rc5 36. Rb3 b5 37. Bxf6 Nxf6 38. a4 b4 39. Rd4 g5 40. Rdxb4 Rxb4 41. Rxb4 g4 42. Bb7 Rc1+ 43. Kg2 Ra1 44. Rf4 Kg6 45. Bc8 h5 46. Bxf5+ Kg5 47. Bd3 Nd7 48. Rf5+ Kh6 49. a5 Nb8 50. a6 Nd7 51. Rd5 Nf6 52. Rc5 Nd7 53. Rc7 Ne5 54. a7 Kg5 55. Be4 h4 56. gxh4+ Kxh4 57. a8Q 1-0